000 00244 a2200109 4500
001 50642
040 _cAnchieta - Pituba
240 1 0 _aPrima A1
_l
245 1 0 _aPrima A1
650 4 _aLínguas germânicas (teutônicas) língua alemã
942 _cMU
999 _c50642
_d50642